LDR 00776naa#a2200181#i#450# 001 EN\\bibl\123348 005 20260706025430.1 011 ## _a1994-4683 100 ## _a20230731b2023####ek#y0engy0150####ca 102 ## _aRU 200 1# _aRELATIONSHIP OFPHYSICAL, FIRE AND PSYCHOLOGICAL TRAINING IN THE PROCESS OF FORMING PISTOL-SHOOTING SKILLS IN POLICE STAFF _eJournal article 210 1# _aMoscow _cNational State University of Physical Education, Sports and Health named after P.F. Lesgaft _d2023 215 ## _a3 с. 608 ## _aJournal article _2local 675 ## _aСтрельба из огнестрельного оружия. Стрельба из пневматического оружия. 799.31 _z 700 #1 _aAndreev _gE E 700 #1 _aSlyshalov _gI V 856 4# _auchzapiski.lesgaft.spb.ru _u